Curso práctico de gramática castellana; tercer año /

Guardado en:
Autor Principal: González Trillo, E.
Otros Autores: Ortiz Behety, L.
Formato: Libro
Publicado: Argentina : Libreria del Colegio, 1940
Materias:
Etiquetas: Agregar Etiqueta
Sin Etiquetas, Sea el primero en etiquetar este registro!
LEADER 00573nam a22001815a 4500
001 CEM.cems002972
005 19000101000000.0
008 130507s1940##################000#0#####d
003 CEMS
082 0 4 |a 468 
100 1 |a González Trillo, E. 
245 1 0 |a Curso práctico de gramática castellana; tercer año /  |c E. González Trillo 
260 |a Argentina :  |b Libreria del Colegio,  |c 1940 
300 |a 220 p. 
653 |a Gramatica española 
653 |a Lengua y literatura 3er. año 
700 1 |a Ortiz Behety, L. 
859 |a CEMS  |b BIB. CEMS - 11 de abril  |h 468  |i G589/III  |p 9833.81  |t Ej.1